| 000 | 00548nam a22001577a 4500 | ||
|---|---|---|---|
| 999 |
_c130320 _d130320 |
||
| 008 | 200207b ||||| |||| 00| 0 eng d | ||
| 050 | _aDA566.9.A43 A3 1966 | ||
| 100 |
_aAlice, Princess _949420 |
||
| 245 |
_aFor my grandchildren _bsome reminiscences of Her Royal Highness Princess Alice _cPrincess Alice |
||
| 260 |
_aLondon _bEvans Brothers Limited _c1966 |
||
| 300 |
_axiii, 306p. ; _c23cm. |
||
| 600 |
_aAlice, Princess _949420 |
||
| 650 |
_aRoyal houses _949421 |
||
| 651 |
_aGreat Britain _xCourt and courtie _949422 |
||
| 942 |
_2lcc _cMONOGRAPH |
||